[Event "Thüringenliga 2025/26"]
[Site "?"]
[Date "2026.01.11"]
[Round "5.3"]
[White "Bellmann, Daniel"]
[Black "Kirschbaum, Gunnar"]
[Result "0-1"]
[WhiteElo "1866"]
[BlackElo "1995"]
[WhiteFideId "-1"]
[BlackFideId "-1"]
[PlyCount "92"]
[GameId "2266342100750420"]
[EventDate "2025.09.14"]
[EventType "team-tourn"]
[EventRounds "9"]
[SourceTitle "Thueringer Schachbund"]
[Source "ThSB"]
[SourceDate "2025.09.14"]
[SourceVersion "1"]
[SourceVersionDate "2025.09.14"]
[SourceQuality "1"]
[WhiteTeam "Meuselwitzer SV"]
[BlackTeam "SV Medizin Erfurt"]

1. e4 d6 2. d4 Nf6 3. Nc3 g6 4. f4 Bg7 5. Nf3 O-O 6. Be3 b6 7. Bd3 a6 8. Qd2 c5 9. O-O Ng4 10. Kh1 Nxe3 11. Qxe3 Bg4 12. Ne2 cxd4 13. Nexd4 Qc7 14. c3 Qc5 15. Rae1 Nd7 16. h3 Bxf3 17. Rxf3 e5 18. fxe5 Nxe5 19. Rf2 b5 20. Bb1 b4 21. cxb4 Qxb4 22. b3 Ng4 23. Nc6 Nxf2+ 24. Qxf2 Qb7 25. Na5 Qb4 26. Nc4 Rad8 27. Rd1 Qc5 28. Qf3 a5 29. Rd5 Qb4 30. Qd1 a4 31. Na5 Rc8 32. Nc4 axb3 33. axb3 Be5 34. Bc2 Rc5 35. Rd3 Ra8 36. Nxe5 dxe5 37. Kh2 Rac8 38. Rd2 Qc3 39. Rf2 Qe3 40. Rd2 Qf4+ 41. Kh1 Kg7 42. Qe2 Rc3 43. Qd1 Qg3 44. Re2 Re3 45. Qd2 Rxe2 46. Qxe2 Rc3 0-1

[Event "Thüringenliga 2025/26"]
[Site "?"]
[Date "2026.01.11"]
[Round "5.4"]
[White "Müller-Ludwig, Kristin"]
[Black "Barth, Jürgen"]
[Result "0-1"]
[WhiteElo "1965"]
[BlackElo "1781"]
[WhiteFideId "-1"]
[BlackFideId "-1"]
[PlyCount "44"]
[GameId "2266342100787285"]
[EventDate "2025.09.14"]
[EventType "team-tourn"]
[EventRounds "9"]
[SourceTitle "Thueringer Schachbund"]
[Source "ThSB"]
[SourceDate "2025.09.14"]
[SourceVersion "1"]
[SourceVersionDate "2025.09.14"]
[SourceQuality "1"]
[WhiteTeam "SV Medizin Erfurt"]
[BlackTeam "Meuselwitzer SV"]

{[%evp 0,44,20,36,47,49,53,58,72,53,66,48,75,69,60,63,98,88,78,53,89,104,63,88,45,38,41,27,44,19,32,25,34,26,108,11,-8,-23,-31,-24,-32,-27,-28,-19,-3,-20,-13]} 1. e4 d5 2. exd5 Qxd5 3. Nc3 Qa5 4. d4 Nf6 5. Bc4 c6 6. Nf3 Bg4 7. h3 Bh5 8. O-O e6 9. Qe2 Nd5 10. Nxd5 cxd5 11. Bb5+ Nc6 12. g4 Bg6 13. Ne5 Qb6 14. c3 a6 15. Ba4 Bd6 16. Bf4 Qc7 17. h4 b5 18. Bb3 Bxe5 19. dxe5 h5 20. g5 Na5 21. Bd1 Qc4 22. Qd2 Qd3 0-1

[Event "Thüringenliga 2025/26"]
[Site "?"]
[Date "2026.01.11"]
[Round "5.5"]
[White "Ignatova, Gabriela"]
[Black "Nguyen, Ha Thanh"]
[Result "0-1"]
[WhiteElo "1640"]
[BlackElo "1887"]
[WhiteFideId "-1"]
[BlackFideId "-1"]
[PlyCount "74"]
[GameId "2266342100828246"]
[EventDate "2025.09.14"]
[EventType "team-tourn"]
[EventRounds "9"]
[SourceTitle "Thueringer Schachbund"]
[Source "ThSB"]
[SourceDate "2025.09.14"]
[SourceVersion "1"]
[SourceVersionDate "2025.09.14"]
[SourceQuality "1"]
[WhiteTeam "Meuselwitzer SV"]
[BlackTeam "SV Medizin Erfurt"]

{[%evp 0,57,35,18,46,50,46,5,51,52,69,64,66,55,53,30,30,41,23,20,52,20,4,-14,21,3,68,28,77,40,55,45,46,0,25,-18,-18,-18,-14,-52,-62,-84,-71,-76,-74,-60,-61,-60,-85,-110,-125,-119,-128,-217,-225,-241,-241,-236,-264,-308]} 1. e4 c5 2. Nc3 e6 3. Nge2 a6 4. g3 Qc7 5. Bg2 Nf6 6. O-O Be7 7. d3 d6 8. d4 cxd4 9. Nxd4 Nbd7 10. Re1 O-O 11. Be3 Rd8 12. Qe2 Bf8 13. Rad1 g6 14. h3 e5 15. Nf3 b5 16. Bg5 Re8 17. Nd5 Nxd5 18. exd5 Bb7 19. Nh2 f5 20. Qd2 Rac8 21. c3 Nb6 22. Nf1 Nc4 23. Qc1 Qf7 24. b3 Nb6 25. Qd2 e4 26. f3 Nxd5 27. c4 bxc4 28. fxe4 c3 29. Qf2 Nb4 30. exf5 Bxg2 31. Kxg2 Qxf5 32. Qxf5 gxf5 33. Rxe8 Rxe8 34. a3 c2 35. Rc1 Nd3 36. Kf3 Nxc1 37. Bxc1 Re1 0-1

[Event "Thüringenliga 2025/26"]
[Site "?"]
[Date "2026.01.11"]
[Round "5.6"]
[White "Jakob, Matthias"]
[Black "Schmidt, Jörg"]
[Result "1/2-1/2"]
[WhiteElo "1959"]
[BlackElo "1720"]
[WhiteFideId "-1"]
[BlackFideId "-1"]
[PlyCount "118"]
[GameId "2266342100865111"]
[EventDate "2025.09.14"]
[EventType "team-tourn"]
[EventRounds "9"]
[SourceTitle "Thueringer Schachbund"]
[Source "ThSB"]
[SourceDate "2025.09.14"]
[SourceVersion "1"]
[SourceVersionDate "2025.09.14"]
[SourceQuality "1"]
[WhiteTeam "SV Medizin Erfurt"]
[BlackTeam "Meuselwitzer SV"]

{[%evp 0,82,24,24,27,9,16,16,73,53,42,65,70,74,68,63,63,62,56,54,48,59,57,50,44,34,34,43,40,26,26,14,14,14,13,25,26,2,7,5,17,40,52,60,66,44,40,13,32,-4,32,32,34,-33,-4,-30,-27,-33,-36,-28,-24,-27,-27,-22,-16,-17,-11,-29,-24,-56,-11,-79,-58,-87,-68,-87,-87,-75,-41,-58,-50,-50,3,-45,-2]} 1. d4 Nf6 2. Nc3 d5 3. Bf4 c6 4. e3 Bf5 5. f3 h6 6. g4 Bh7 7. h4 e6 8. Bd3 Bxd3 9. Qxd3 Bd6 10. Nge2 Qc7 11. O-O-O Nbd7 12. g5 Nh5 13. Bxd6 Qxd6 14. e4 Nf4 15. Qe3 Nxe2+ 16. Nxe2 O-O-O 17. Rdg1 hxg5 18. Qxg5 Rh7 19. e5 Qf8 20. f4 Qh8 21. h5 Re8 22. Rg3 Kb8 23. Rgh3 Rh6 24. Qg3 Ka8 25. Qg4 Qh7 26. Ng3 c5 27. Qd1 Rc8 28. R1h2 cxd4 29. Qxd4 Rc4 30. Qd2 f6 31. b3 Rc8 32. exf6 Nxf6 33. Qe2 Rc6 34. Kb2 Nd7 35. f5 e5 36. Qb5 Nb6 37. Re2 e4 38. Qb4 Rhd6 39. Qd4 Nd7 40. Rh1 Qh6 41. Kb1 Qf6 42. Qxf6 Rxf6 43. Rd1 Rcd6 44. c4 dxc4 45. Rxd6 Rxd6 46. Nxe4 Rc6 47. Rd2 Nb8 48. Rd8 cxb3 49. axb3 Rh6 50. Nc5 b6 51. Nd7 Kb7 52. Nxb8 Rxh5 53. Rf8 Rh3 54. Kc2 Re3 55. Kb2 Rd3 56. Ka3 a5 57. Kb2 Rd5 58. Kc3 Rd1 59. Kc2 Rd5 1/2-1/2

[Event "Thüringenliga 2025/26"]
[Site "?"]
[Date "2026.01.11"]
[Round "5.7"]
[White "Schmidt, Jens"]
[Black "Reichel, Norbert"]
[Result "1/2-1/2"]
[WhiteElo "1713"]
[BlackElo "1906"]
[WhiteFideId "-1"]
[BlackFideId "-1"]
[PlyCount "61"]
[GameId "2266342100901976"]
[EventDate "2025.09.14"]
[EventType "team-tourn"]
[EventRounds "9"]
[SourceTitle "Thueringer Schachbund"]
[Source "ThSB"]
[SourceDate "2025.09.14"]
[SourceVersion "1"]
[SourceVersionDate "2025.09.14"]
[SourceQuality "1"]
[WhiteTeam "Meuselwitzer SV"]
[BlackTeam "SV Medizin Erfurt"]

{[%evp 0,50,27,-16,-5,-26,17,16,19,-4,5,-9,13,-10,-13,-27,-19,-19,-8,-25,9,-2,14,6,14,-12,-6,-8,6,0,144,43,45,11,60,60,60,60,60,80,74,77,63,39,31,59,76,-43,-32,-92,-80,-114,-67]} 1. c4 Nf6 2. g3 g6 3. Bg2 Bg7 4. Nc3 O-O 5. e4 d6 6. d3 c5 7. Nge2 Nc6 8. O-O Rb8 9. f4 e6 10. h3 Ne8 11. Be3 Nd4 12. Rb1 Bd7 13. a3 a6 14. b4 b5 15. Qd2 Bc6 16. Rfc1 bxc4 17. dxc4 Nxe2+ 18. Nxe2 cxb4 19. axb4 Qd7 20. c5 f5 21. cxd6 Bxe4 22. Bxe4 fxe4 23. Bc5 Rf5 24. g4 Rd5 25. Qe3 Nxd6 26. Bxd6 Qxd6 27. Qxe4 Rf8 28. Rf1 Rd2 29. Rbc1 Qb6+ 30. Kg2 Rfd8 31. Rf3 1/2-1/2

[Event "Thüringenliga 2025/26"]
[Site "?"]
[Date "2026.01.11"]
[Round "5.8"]
[White "Fischer, Kay"]
[Black "Kohl, Torsten"]
[Result "1/2-1/2"]
[WhiteElo "1865"]
[BlackElo "1551"]
[WhiteFideId "-1"]
[BlackFideId "-1"]
[PlyCount "52"]
[GameId "2266342100938841"]
[EventDate "2025.09.14"]
[EventType "team-tourn"]
[EventRounds "9"]
[SourceTitle "Thueringer Schachbund"]
[Source "ThSB"]
[SourceDate "2025.09.14"]
[SourceVersion "1"]
[SourceVersionDate "2025.09.14"]
[SourceQuality "1"]
[WhiteTeam "SV Medizin Erfurt"]
[BlackTeam "Meuselwitzer SV"]

{[%evp 0,52,27,20,69,59,65,49,53,36,30,33,22,-7,24,23,31,-18,-1,8,0,-32,-37,-41,16,0,36,16,29,0,11,-13,-2,-6,15,-15,19,18,21,25,26,19,30,38,43,0,0,-13,131,-53,-35,-67,-67,-67,-75]} 1. e4 c6 2. d4 d5 3. exd5 cxd5 4. Nf3 Nf6 5. Ne5 e6 6. Be2 Be7 7. O-O O-O 8. f4 Nbd7 9. Nd2 Qc7 10. Ndf3 Ne4 11. Bd3 f5 12. Bd2 Ndf6 13. Qe1 a5 14. h3 b6 15. Kh2 Ba6 16. Rc1 Qb7 17. Qe2 Nxd2 18. Nxd2 Ne4 19. Ndf3 Bf6 20. Bxa6 Qxa6 21. Qxa6 Rxa6 22. Nd7 Rd8 23. Nfe5 Ra7 24. Nxb6 Bxe5 25. fxe5 Rb7 26. Na4 Rb4 1/2-1/2

[Event "Thüringenliga 2025/26"]
[Site "?"]
[Date "2026.01.11"]
[Round "5.1"]
[White "Franke, Luca"]
[Black "Zehnter, Sebastian"]
[Result "1/2-1/2"]
[WhiteElo "2061"]
[BlackElo "2284"]
[WhiteFideId "-1"]
[BlackFideId "-1"]
[PlyCount "74"]
[GameId "2266895301828656"]
[EventDate "2025.09.14"]
[EventType "team-tourn"]
[EventRounds "9"]
[SourceTitle "Thueringer Schachbund"]
[Source "ThSB"]
[SourceDate "2025.09.14"]
[SourceVersion "1"]
[SourceVersionDate "2025.09.14"]
[SourceQuality "1"]
[WhiteTeam "SV 1861 Liebschwitz"]
[BlackTeam "Ilmenauer SV"]

{[%evp 0,44,27,30,30,13,-3,12,13,9,9,8,24,-13,-11,-9,14,17,9,-10,24,12,38,37,34,19,40,-35,-28,-41,-86,-45,-45,-86,-38,-112,-17,-55,-59,-37,-64,-145,-156,-152,-86,-77,-80]} 1. d4 d5 2. c4 e6 3. Nc3 Nf6 4. cxd5 exd5 5. Bg5 Be7 6. Qc2 O-O 7. e3 Re8 8. Bd3 h6 9. Bf4 c6 10. Nge2 Be6 11. O-O Nbd7 12. f3 Rc8 13. e4 c5 14. Qd2 cxd4 15. Nxd4 Bc5 16. Be3 dxe4 17. Nxe6 Rxe6 18. Bxe4 Qb6 19. Bf2 Rd6 20. Qf4 Bxf2+ 21. Rxf2 Nc5 22. Qe3 Re8 23. Re2 Ncxe4 24. Qxb6 Rxb6 25. fxe4 Rbe6 26. Rae1 a6 27. h3 b5 28. a3 Re5 29. Kf2 a5 30. Kf3 Nh7 31. h4 Nf6 32. b4 axb4 33. axb4 Rc8 34. Re3 g5 35. hxg5 hxg5 36. Rd1 Rc4 37. Rd6 Re6 1/2-1/2

[Event "Thüringenliga 2025/26"]
[Site "?"]
[Date "2026.01.11"]
[Round "5.2"]
[White "Eichenauer, Pascal"]
[Black "Zeidler, Andreas"]
[Result "1/2-1/2"]
[WhiteElo "2075"]
[BlackElo "2003"]
[WhiteFideId "-1"]
[BlackFideId "-1"]
[PlyCount "152"]
[GameId "2266895305031729"]
[EventDate "2025.09.14"]
[EventType "team-tourn"]
[EventRounds "9"]
[SourceTitle "Thueringer Schachbund"]
[Source "ThSB"]
[SourceDate "2025.09.14"]
[SourceVersion "1"]
[SourceVersionDate "2025.09.14"]
[SourceQuality "1"]
[WhiteTeam "Ilmenauer SV"]
[BlackTeam "SV 1861 Liebschwitz"]

{[%evp 0,123,19,27,30,-1,4,12,12,-5,-13,-1,12,25,37,34,49,37,44,39,50,-57,36,29,47,-3,-1,8,37,55,152,150,138,150,159,167,193,137,175,190,169,190,173,178,174,174,183,165,175,203,255,229,470,355,431,250,255,226,228,229,246,206,213,231,218,224,238,231,215,225,231,181,202,212,260,286,329,314,334,334,338,338,342,349,349,357,364,365,352,355,365,320,329,183,198,195,229,197,206,216,207,220,232,241,242,250,255,243,270,279,288,290,294,262,367,389,425,419,466,468,477,477,779,715,711,271]} 1. d4 Nf6 2. c4 e6 3. Nc3 d5 4. cxd5 exd5 5. Bg5 Be7 6. e3 c6 7. Bd3 h6 8. Bh4 Ne4 9. Bxe7 Qxe7 10. Qf3 f5 11. Qh5+ Qf7 12. Qe2 O-O 13. Nf3 Nxc3 14. bxc3 f4 15. Ne5 Qe8 16. Ng6 f3 17. gxf3 Rf6 18. Ne5 Bf5 19. Bxf5 Rxf5 20. f4 Nd7 21. Qg4 Nxe5 22. Qxf5 Nc4 23. O-O Qe7 24. Kh1 Qh4 25. Rg1 Rf8 26. Qe6+ Rf7 27. Rg3 Qf6 28. Qc8+ Kh7 29. Rag1 Nd6 30. Qb8 Ne4 31. R3g2 Qh4 32. Rf1 Nd2 33. Qe8 Qf6 34. Rd1 Ne4 35. f3 Re7 36. Qd8 Nd6 37. Rdg1 Nf5 38. e4 dxe4 39. fxe4 Rxe4 40. Rxg7+ Qxg7 41. Rxg7+ Kxg7 42. Qd7+ Kg6 43. Qxb7 Rxf4 44. Qxc6+ Kg5 45. Qe6 Rf3 46. Kg2 Rxc3 47. d5 Rd3 48. Kf2 Rd2+ 49. Ke1 Rd3 50. Qc6 Kf4 51. a4 a5 52. Ke2 Rd4 53. Qc5 Ke4 54. Qxa5 Rxd5 55. Qa8 Nd4+ 56. Kd2 Nf5+ 57. Kc3 Ke5 58. a5 Rc5+ 59. Kb4 Rc1 60. a6 Nd6 61. a7 Rb1+ 62. Ka3 Nb5+ 63. Ka4 Nxa7 64. Qh8+ Kd5 65. Qxh6 Nc6 66. Qg5+ Kc4 67. Qg8+ Kc3 68. Qg7+ Nd4 69. Qc7+ Kd2 70. h4 Ra1+ 71. Kb4 Rb1+ 72. Ka5 Ra1+ 73. Kb6 Rb1+ 74. Ka6 Ra1+ 75. Kb7 Rb1+ 76. Kc8 Rc1 1/2-1/2

[Event "Thüringenliga 2025/26"]
[Site "?"]
[Date "2026.01.11"]
[Round "5.3"]
[White "Hermannsdörfer, Frank"]
[Black "Nowak, Thomas"]
[Result "1-0"]
[WhiteElo "2066"]
[BlackElo "2005"]
[WhiteFideId "-1"]
[BlackFideId "-1"]
[PlyCount "47"]
[GameId "2266895305068594"]
[EventDate "2025.09.14"]
[EventType "team-tourn"]
[EventRounds "9"]
[SourceTitle "Thueringer Schachbund"]
[Source "ThSB"]
[SourceDate "2025.09.14"]
[SourceVersion "1"]
[SourceVersionDate "2025.09.14"]
[SourceQuality "1"]
[WhiteTeam "SV 1861 Liebschwitz"]
[BlackTeam "Ilmenauer SV"]

{[%evp 0,47,27,-25,-18,-7,28,13,3,2,0,-10,-6,1,23,30,23,23,32,38,55,30,22,-30,-60,-37,-40,-33,-39,-51,-40,-19,4,-14,105,104,72,78,105,96,101,109,115,123,97,142,228,226,334,575]} 1. b3 d5 2. Bb2 c5 3. e3 Nc6 4. Nf3 Nf6 5. Bb5 Bd7 6. O-O a6 7. Bxc6 Bxc6 8. Ne5 Qc7 9. Qf3 Rd8 10. d3 g6 11. Ng4 Nxg4 12. Qxg4 e5 13. f4 Bg7 14. f5 Qe7 15. Nd2 h5 16. Qg3 g5 17. f6 Bxf6 18. Rxf6 Qxf6 19. Bxe5 Qh6 20. Bxh8 Qxh8 21. Rf1 g4 22. Rf5 Qa1+ 23. Nf1 Qg7 24. Qc7 1-0

[Event "Thüringenliga 2025/26"]
[Site "?"]
[Date "2026.01.11"]
[Round "5.4"]
[White "Rauch, Arwid"]
[Black "Kastner, Peter"]
[Result "1/2-1/2"]
[WhiteElo "1732"]
[BlackElo "1971"]
[WhiteFideId "-1"]
[BlackFideId "-1"]
[PlyCount "26"]
[GameId "2266895305105459"]
[EventDate "2025.09.14"]
[EventType "team-tourn"]
[EventRounds "9"]
[SourceTitle "Thueringer Schachbund"]
[Source "ThSB"]
[SourceDate "2025.09.14"]
[SourceVersion "1"]
[SourceVersionDate "2025.09.14"]
[SourceQuality "1"]
[WhiteTeam "Ilmenauer SV"]
[BlackTeam "SV 1861 Liebschwitz"]

{[%evp 0,26,27,22,51,10,5,5,19,20,20,14,22,14,14,22,14,1,0,-5,-5,3,4,4,-7,4,24,2,2]} 1. e4 c5 2. c3 Nf6 3. e5 Nd5 4. Nf3 Nc6 5. d4 cxd4 6. cxd4 d6 7. Bc4 Nb6 8. Bb3 dxe5 9. Nxe5 Nxe5 10. dxe5 Qxd1+ 11. Bxd1 Bd7 12. O-O Bc6 13. Nc3 e6 1/2-1/2

[Event "Thüringenliga 2025/26"]
[Site "?"]
[Date "2026.01.11"]
[Round "5.5"]
[White "Biel, Maik"]
[Black "Jung, Timo"]
[Result "1/2-1/2"]
[WhiteElo "1915"]
[BlackElo "1607"]
[WhiteFideId "-1"]
[BlackFideId "-1"]
[PlyCount "42"]
[GameId "2266895305142324"]
[EventDate "2025.09.14"]
[EventType "team-tourn"]
[EventRounds "9"]
[SourceTitle "Thueringer Schachbund"]
[Source "ThSB"]
[SourceDate "2025.09.14"]
[SourceVersion "1"]
[SourceVersionDate "2025.09.14"]
[SourceQuality "1"]
[WhiteTeam "SV 1861 Liebschwitz"]
[BlackTeam "Ilmenauer SV"]

{[%evp 0,42,27,20,61,62,60,41,33,41,46,46,46,50,51,23,56,47,41,49,83,59,59,37,62,42,78,30,33,40,23,25,7,11,26,30,38,40,87,81,54,59,67,72,81]} 1. d4 c5 2. d5 Nf6 3. c4 g6 4. Nc3 Bg7 5. e4 O-O 6. Bd3 d6 7. Nge2 e6 8. O-O exd5 9. cxd5 Na6 10. Ng3 Nc7 11. h3 a6 12. a4 b6 13. f4 Rb8 14. Qf3 b5 15. axb5 axb5 16. Be3 c4 17. Bb1 b4 18. Nce2 h5 19. Nd4 Bd7 20. f5 Nb5 21. Nge2 Qc8 1/2-1/2

[Event "Thüringenliga 2025/26"]
[Site "?"]
[Date "2026.01.11"]
[Round "5.6"]
[White "Schenk, Stefan"]
[Black "Kitzig, Tobias"]
[Result "1/2-1/2"]
[WhiteElo "1930"]
[BlackElo "1850"]
[WhiteFideId "-1"]
[BlackFideId "-1"]
[PlyCount "118"]
[GameId "2266895305179189"]
[EventDate "2025.09.14"]
[EventType "team-tourn"]
[EventRounds "9"]
[SourceTitle "Thueringer Schachbund"]
[Source "ThSB"]
[SourceDate "2025.09.14"]
[SourceVersion "1"]
[SourceVersionDate "2025.09.14"]
[SourceQuality "1"]
[WhiteTeam "Ilmenauer SV"]
[BlackTeam "SV 1861 Liebschwitz"]

{[%evp 0,111,30,30,14,13,45,28,7,9,31,-2,11,5,5,-16,-14,-194,-176,-176,-181,-181,-179,-179,-162,-173,-92,-98,-56,-64,-72,-65,-65,-73,-81,-79,-87,-73,-51,-123,-33,-43,-47,-21,67,59,58,28,26,29,56,37,56,24,37,28,152,116,116,115,182,86,115,114,116,118,111,97,101,103,140,106,185,174,249,109,105,115,119,109,109,115,123,123,120,114,120,120,122,123,127,135,144,143,145,144,148,145,141,137,144,140,142,136,138,106,101,97,96,89,89,89,96,95]} 1. e4 e5 2. Nf3 Nf6 3. Nc3 Nc6 4. Bb5 Bb4 5. d3 d6 6. h3 O-O 7. Bg5 Nd4 8. O-O Bxc3 9. bxc3 Nxb5 10. a4 Nxc3 11. Qe1 Nxa4 12. Rxa4 Qe8 13. Qa1 Nd7 14. Rxa7 Rxa7 15. Qxa7 Nc5 16. Be3 Na6 17. Rb1 f5 18. exf5 Rxf5 19. Rxb7 Bxb7 20. Qxb7 Nb8 21. Qxc7 h6 22. Qxd6 Nd7 23. c4 Rf6 24. Qc7 Re6 25. Nd2 Nf6 26. Qb7 Rd6 27. Qb3 Qd8 28. c5+ Rd5 29. Ne4 Kh8 30. Nd6 Rxd6 31. cxd6 Qxd6 32. Qc4 Kh7 33. Qc2 Nd5 34. d4+ g6 35. Qe4 exd4 36. Bxd4 Ne7 37. Qe5 Qxe5 38. Bxe5 g5 39. Kf1 Kg6 40. Ke2 Kf5 41. Bd6 Ng6 42. g3 Ke6 43. Bc7 Ne7 44. Bb6 Ke5 45. Kf3 Kf5 46. Bc5 Nd5 47. Bd4 Ne7 48. Bc5 Nd5 49. Bf8 Kg6 50. Ba3 Kf5 51. Bc1 h5 52. Kg2 g4 53. f3 gxf3+ 54. Kxf3 Nc7 55. Bd2 Nd5 56. Ba5 Nf6 57. Bd8 Nd5 58. g4+ hxg4+ 59. hxg4+ Kg6 1/2-1/2

[Event "Thüringenliga 2025/26"]
[Site "?"]
[Date "2026.01.11"]
[Round "5.7"]
[White "Meissner, Steffen"]
[Black "Ortlepp, Steffen"]
[Result "1/2-1/2"]
[WhiteElo "1790"]
[BlackElo "1813"]
[WhiteFideId "-1"]
[BlackFideId "-1"]
[PlyCount "28"]
[GameId "2266895305211958"]
[EventDate "2025.09.14"]
[EventType "team-tourn"]
[EventRounds "9"]
[SourceTitle "Thueringer Schachbund"]
[Source "ThSB"]
[SourceDate "2025.09.14"]
[SourceVersion "1"]
[SourceVersionDate "2025.09.14"]
[SourceQuality "1"]
[WhiteTeam "SV 1861 Liebschwitz"]
[BlackTeam "Ilmenauer SV"]

{[%evp 0,28,21,21,46,60,66,44,31,18,73,75,58,47,84,38,27,21,-4,-15,-23,-19,-36,-70,-68,-59,-46,-46,-50,-41,-46]} 1. e4 c5 2. Nf3 Nc6 3. d4 cxd4 4. Nxd4 g6 5. Nc3 Bg7 6. Be3 Nf6 7. f3 O-O 8. Qd2 d5 9. O-O-O dxe4 10. Nxc6 Qxd2+ 11. Bxd2 bxc6 12. fxe4 Ng4 13. Re1 Be6 14. Be2 Rab8 1/2-1/2

[Event "Thüringenliga 2025/26"]
[Site "?"]
[Date "2026.01.11"]
[Round "5.8"]
[White "Michael, Torsten"]
[Black "Müller, Gunther"]
[Result "1/2-1/2"]
[WhiteElo "1749"]
[BlackElo "1696"]
[WhiteFideId "-1"]
[BlackFideId "-1"]
[PlyCount "44"]
[GameId "2266895305248823"]
[EventDate "2025.09.14"]
[EventType "team-tourn"]
[EventRounds "9"]
[SourceTitle "Thueringer Schachbund"]
[Source "ThSB"]
[SourceDate "2025.09.14"]
[SourceVersion "1"]
[SourceVersionDate "2025.09.14"]
[SourceQuality "1"]
[WhiteTeam "Ilmenauer SV"]
[BlackTeam "SV 1861 Liebschwitz"]

{[%evp 0,44,20,28,60,67,59,18,18,21,24,30,71,18,64,48,54,43,47,25,35,45,68,59,61,64,91,93,71,84,96,106,96,97,141,152,110,86,118,127,119,106,94,74,131,111,103]} 1. e4 c5 2. Nf3 Nc6 3. d4 cxd4 4. Nxd4 Nf6 5. Nc3 d6 6. f3 e6 7. Be3 Be7 8. Qd2 a6 9. g4 h6 10. O-O-O Qc7 11. Kb1 Ne5 12. h4 Bd7 13. Be2 O-O-O 14. Rdg1 Kb8 15. g5 hxg5 16. hxg5 Rxh1 17. Rxh1 Ne8 18. a3 Rc8 19. f4 Nc4 20. Bxc4 Qxc4 21. Nde2 Bb5 22. Nd4 Bd7 1/2-1/2

[Event "Thüringenliga 2025/26"]
[Site "?"]
[Date "2026.01.11"]
[Round "5.1"]
[White "Brüggemann, Joachim"]
[Black "Machelett, Heiko"]
[Result "1/2-1/2"]
[WhiteElo "2159"]
[BlackElo "2290"]
[WhiteFideId "-1"]
[BlackFideId "-1"]
[PlyCount "20"]
[GameId "2266895377346617"]
[EventDate "2025.09.14"]
[EventType "team-tourn"]
[EventRounds "9"]
[SourceTitle "Thueringer Schachbund"]
[Source "ThSB"]
[SourceDate "2025.09.14"]
[SourceVersion "1"]
[SourceVersionDate "2025.09.14"]
[SourceQuality "1"]
[WhiteTeam "Erfurter SK 2"]
[BlackTeam "TSG Apolda"]

{[%evp 0,20,20,28,31,38,36,11,2,1,-7,-2,4,-6,12,-12,-21,-22,28,45,30,37,59]} 1. e4 e6 2. d4 d5 3. e5 c5 4. c3 Nc6 5. Nf3 Bd7 6. Be2 Nh6 7. Na3 cxd4 8. cxd4 Bxa3 9. bxa3 Nf5 10. Rb1 O-O 1/2-1/2

[Event "Thüringenliga 2025/26"]
[Site "?"]
[Date "2026.01.11"]
[Round "5.2"]
[White "Walther, Andi"]
[Black "Kölsch, Maximilian"]
[Result "1/2-1/2"]
[WhiteElo "2139"]
[BlackElo "2170"]
[WhiteFideId "-1"]
[BlackFideId "-1"]
[PlyCount "119"]
[GameId "2266895377559610"]
[EventDate "2025.09.14"]
[EventType "team-tourn"]
[EventRounds "9"]
[SourceTitle "Thueringer Schachbund"]
[Source "ThSB"]
[SourceDate "2025.09.14"]
[SourceVersion "1"]
[SourceVersionDate "2025.09.14"]
[SourceQuality "1"]
[WhiteTeam "TSG Apolda"]
[BlackTeam "Erfurter SK 2"]

{[%evp 0,119,32,32,14,2,26,26,26,5,49,46,46,26,55,43,36,18,22,25,20,-1,8,-13,-11,-3,3,-13,-14,-43,-42,-33,-45,-45,-37,-64,-44,-50,-45,-43,-33,-40,-46,-63,-65,-71,-87,-84,42,41,45,45,57,52,59,44,52,53,55,57,80,60,61,61,60,57,57,57,58,57,65,57,65,0,0,-112,-42,-34,40,40,40,39,40,40,46,0,0,0,0,0,0,0,0,0,0,0,0,0,0,0,0,0,0,0,0,0,0,0,0,0,0,0,0,0,0,0,0,0,0,0,0,0]} 1. d4 d5 2. c4 c6 3. Nf3 Nf6 4. Nc3 e6 5. e3 Nbd7 6. Be2 dxc4 7. Bxc4 b5 8. Be2 Bd6 9. e4 e5 10. dxe5 Nxe5 11. Nxe5 Bxe5 12. Qxd8+ Kxd8 13. Bg5 Kc7 14. Bxf6 gxf6 15. Rc1 Kb6 16. O-O Re8 17. Bd3 Bb7 18. Rfd1 Rad8 19. g3 a6 20. b4 Rd6 21. Kf1 Red8 22. Ke2 Bc8 23. Bb1 Bd4 24. Nd5+ cxd5 25. Rxd4 Bg4+ 26. f3 Be6 27. Rcd1 Kc7 28. Ke3 h6 29. a3 R8d7 30. Kf4 dxe4 31. Rxd6 Rxd6 32. Rxd6 Kxd6 33. Bxe4 Bc8 34. h4 Be6 35. Bf5 Kd5 36. Be4+ Kc4 37. Bb7 Kb3 38. Bxa6 Ka4 39. Ke4 Kxa3 40. Bxb5 Kxb4 41. Be8 Kc5 42. Bxf7 Bxf7 43. Kf5 Bd5 44. f4 h5 45. Kxf6 Kd6 46. f5 Kd7 47. Kg6 Be4 48. Kxh5 Bxf5 49. Kh6 Ke6 50. Kg7 Bg4 51. Kg6 Bf5+ 52. Kg7 Bg4 53. Kg6 Bf5+ 54. Kg5 Bh3 55. h5 Kf7 56. Kh6 Kg8 57. Kg6 Kh8 58. h6 Bc8 59. h7 Bh3 60. g4 1/2-1/2